004140000a2200169000450000500170000024500350001726000460005204000080009836500090010665000130011565000160012865000150014465000340015965000100019365000200020365000210022320120302054741.0 a Maharashtra Saahitya Patrikaa aPune:Maharashtra Saahitya Parishada,1989. aMAR b10/- aSankirna aNiyatkaalik aTraimaasik aMaharashtra Saahitya Patrikaa aKavya aManaache Shloka aPustak Parichaya